书目信息 |
| 题名: |
房屋建筑与装饰工程工程量清单计算规范
|
|
| 作者: | 栾海明 主编 | |
| 分册: | ||
| 出版信息: | 南京 江苏科学技术出版社 2020.7 |
|
| 页数: | 327页 | |
| 开本: | 19×26cm | |
| 丛书名: | ||
| 单 册: | ||
| 中图分类: | TU723.3 | |
| 科图分类: | ||
| 主题词: | 建筑工程--工程造价--建筑规范--中国 , 建筑装饰--工程造价--建筑规范--中国 , 建筑工程 , 工程造价 , 建筑规范 , 建筑装饰 | |
| 电子资源: | ||
| ISBN: | 978-7-5537-2040-1 | |
| 000 | 01126nam0 2200301 45 | |
| 001 | 012001001031 | |
| 005 | 20140912143520.0 | |
| 010 | @a978-7-5537-2040-1@dCNY59.80 | |
| 100 | @a20140128d2013 em y0chiy50 ea | |
| 101 | 0 | @achi |
| 102 | @aCN@b320000 | |
| 105 | @ak z 000yy | |
| 106 | @ar | |
| 200 | 1 | @a房屋建筑与装饰工程工程量清单计算规范@Afang wu jian zhu yu zhuang shi gong cheng gong cheng liang qing dan ji suan gui fan@b专著@f栾海明主编 |
| 210 | @a南京@c江苏科学技术出版社@d2020.7 | |
| 215 | @a327页@d19×26cm | |
| 300 | @a工程量清单计价规范新旧条文与实例对照速查速记 | |
| 330 | @a本书共分为21章,内容包括:总则,术语,工程计量,工程量清单编制,土方工程,地基处理与边坡支护工程,桩基工程,砌筑工程,混凝土及钢筋混凝土工程,金属结构工程,木结构工程,屋面及防水工程等。 | |
| 606 | 0 | @a建筑工程@x工程造价@x建筑规范@y中国 |
| 606 | 0 | @a建筑装饰@x工程造价@x建筑规范@y中国 |
| 606 | 0 | @a建筑工程 |
| 606 | 0 | @a工程造价 |
| 606 | 0 | @a建筑规范 |
| 606 | 0 | @a建筑装饰 |
| 690 | @aTU723.3@v5 | |
| 701 | 0 | @a栾海明@Aluan hai ming@4主编 |
| 801 | 0 | @aCN@bBJSDL@c20211011 |
| 905 | @b1332771-4@dTU723.3@e1883@f4 | |
| 房屋建筑与装饰工程工程量清单计算规范/栾海明主编.-南京:江苏科学技术出版社,2020.7 |
| 327页;19×26cm |
| 工程量清单计价规范新旧条文与实例对照速查速记 |
| ISBN 978-7-5537-2040-1:CNY59.80 |
| 本书共分为21章,内容包括:总则,术语,工程计量,工程量清单编制,土方工程,地基处理与边坡支护工程,桩基工程,砌筑工程,混凝土及钢筋混凝土工程,金属结构工程,木结构工程,屋面及防水工程等。 |
| ● |
| 相关链接 |
|
|
|
|
正题名:房屋建筑与装饰工程工程量清单计算规范
索取号:TU723.3/1883
 
预约/预借
| 序号 | 登录号 | 条形码 | 馆藏地/架位号 | 状态 | 备注 |
| 1 | 1332771 | 213327719 | 第二样本阅览室/ [索取号:TU723.3/1883] | 在馆 | |
| 2 | 1332772 | 213327728 | 第三借阅区/ [索取号:TU723.3/1883] | 在馆 | |
| 3 | 1332773 | 213327737 | 第三借阅区/ [索取号:TU723.3/1883] | 在馆 | |
| 4 | 1332774 | 213327746 | 第三借阅区/ [索取号:TU723.3/1883] | 在馆 |